000 00633nam a22002177a 4500
003 NALT
005 20220930095542.0
008 s2004 eng d
020 _a9781592234929
040 _aNALT
041 _aeng
090 _aAZ 310.G7L6
_bD34C 2004
100 1 _aDailey, Donna.
_959001
245 1 0 _aColors of London /
_cDonna Dailey.
260 _aSan Diego, California :
_bThunder Bay Press,
_c2004
300 _a144 p. :
_bills. ;
_c27 cm.
651 4 _959002
_aLondon (England
_xPictorial works
651 4 _959003
_aLondon (England)
_xSocial life and customs
850 _aNALT
942 _cREF
_2local
999 _c48285
_d48285
998 _j109
_k นางสาวอารีรัตน์ วิชาช่าง